[Event "11th KIIT Festival 2018"]
[Site "Bhubaneswar"]
[Date "2018.05.29"]
[Round "7"]
[White "Tran, Tuan Minh"]
[Black "Akash Pc, Iyer"]
[Result "1/2-1/2"]
[WhiteElo "2512"]
[BlackElo "2432"]
[Annotator "TA RC"]
[PlyCount "138"]
[EventDate "2018.??.??"]
[EventType "swiss"]
[EventCountry "IND"]
[SourceTitle "playchess.com"]
[Source "ChessBase"]
[SourceQuality "1"]

{[%evp 17,138,-7,20,13,-9,-33,0,0,0,-9,14,18,7,-10,0,0,0,0,22,0,29,0,97,87,84,71,65,52,60,53,178,143,206,182,175,147,318,319,354,348,428,377,376,347,383,337,332,342,314,326,325,324,313,287,306,230,217,208,560,547,555,536,510,491,589,588,588,583,743,725,29960,29962,29964,29963,5189,607,831,831,824,815,804,803,795,740,758,789,758,707,708,696,4856,4133,543,0,0,0,0,0,0,0,0,0,0,0,0,0,0,0,0,0,0,0,0,0,0,0,0,0,0,0,0,0,0]} 1. d4 Nf6 2. c4 g6 3. Nc3 Bg7 4. e4 d6 5. Be2 O-O 6. Be3 Na6 {E73: King's Indian: Averbakh Variation without 6...c5} 7. g4 c5 8. d5 e6 9. g5 Ne8 {LiveBook: 5 Games} 10. Qd2 exd5 11. exd5 Nac7 12. h4 a6 $146 ({Predecessor:} 12... b5 13. cxb5 a6 14. bxa6 Bxa6 15. Bxa6 Rxa6 {0-1 (51) Reiss,T (2403)-Areshchenko,A (2664) Germany 2008}) 13. a4 Bf5 14. a5 Rb8 $1 15. Nh3 {[%cal Bg1h3,Bh3f4,Bf4d3][%mdl 32]} b5 {Hoping for ...bxc4.} 16. axb6 $1 Rxb6 17. Nf4 Na8 18. h5 Nec7 19. Bd3 $36 {[%mdl 2048] White fights for an advantage.} Bxd3 (19... Rb4 $11 {remains equal.}) 20. Nxd3 Re8 21. Kf1 Rb7 22. Rh4 Nb6 23. Kg2 Nd7 (23... a5 $14) 24. Rah1 Nf8 (24... Nb6 $16 {was worth a try.}) 25. Ne4 a5 26. Qd1 (26. Qxa5 Nxd5 27. Bd2 Nb6 $11) 26... Qd7 $2 (26... Re7 $16 {was necessary.} 27. hxg6 fxg6) 27. Qf3 $18 Rb3 28. h6 Rxe4 29. Qxe4 Bh8 30. Rf4 Ne8 31. Rh3 f5 32. gxf6 $1 Nxf6 33. Rhf3 Qd8 34. Rxf6 $1 Bxf6 35. Qf4 $1 Nd7 36. Bd2 Qe7 37. Bxa5 Ne5 $2 (37... Bd4 38. Qg4 Rb8) 38. Qxf6 Qxf6 39. Rxf6 {Threatens to win with Nxe5.} Rxd3 40. Rxd6 Nxc4 {[%mdl 4096] Endgame KRB-KRN} 41. Rd8+ Kf7 {[#]} 42. Rd7+ $1 Ke8 43. Rxh7 Nxa5 {[#] KRN-KR} 44. Ra7 $1 Rxd5 45. h7 {[%cal Rh7h8]} Rh5 46. Ra8+ (46. Rxa5 $142 Rxh7 47. Ra8+ Kf7 48. Ra7+ Kg8 49. Rxh7 Kxh7 50. Kf3) 46... Ke7 47. h8=Q ({Weaker is} 47. Rxa5 Ke6 $18) 47... Rxh8 48. Rxh8 {KR-KN} Nc4 49. Rb8 Ne5 50. Kg3 g5 51. Rg8 Kf6 52. f3 Kf5 53. b3 Nd7 54. Rd8 Ke6 55. Rxd7 $2 ({White should try} 55. Re8+ $18 Kf5 56. Rc8) 55... Kxd7 {KPP-KPP. The position is equal.} 56. Kg4 Kc6 $1 57. Kxg5 $11 {KPP-KP} Kb5 $1 58. f4 Kb4 59. f5 {White threatens f6 and mate.} Kxb3 {KP-KP} 60. f6 {White wants to mate with f7.} c4 {[%cal Bc5c4,Bc4c3,Bc3c2][%mdl 32]} 61. f7 c3 62. f8=Q {Threatening mate with Qf4.} c2 63. Qb8+ Ka2 64. Qa7+ Kb1 65. Qb6+ Ka1 66. Qa5+ Kb1 67. Qb4+ Ka1 68. Qc3+ Kb1 69. Qb3+ Ka1 $1 {Precision: White = 76%, Black = 36%.} 1/2-1/2

[Event "11th KIIT Festival 2018"]
[Site "Bhubaneswar"]
[Date "2018.05.29"]
[Round "7"]
[White "Rahman, Ziaur"]
[Black "Kravtsiv, Martyn"]
[Result "*"]
[WhiteElo "2495"]
[BlackElo "2655"]
[Annotator "TA"]
[PlyCount "57"]
[EventDate "2018.??.??"]
[EventType "swiss"]
[EventCountry "IND"]
[SourceTitle "playchess.com"]
[Source "ChessBase"]
[SourceQuality "1"]

{[%evp 23,57,13,14,11,6,3,3,8,4,4,6,9,12,-2,10,12,16,4,13,-6,0,-37,-27,-52,-46,-49,-49,-49,-6,-52,-33,-46,-8,-12,69,0]} 1. Nf3 Nf6 2. g3 d5 3. Bg2 e6 4. O-O c5 5. c4 d4 6. e3 Nc6 7. exd4 cxd4 8. d3 Bd6 {A13: Reti-Eröffnung} (8... Be7 9. b3 O-O 10. Na3 e5 11. Nc2 Nd7 12. a3 a5 13. Rb1 Nc5 14. b4 axb4 15. axb4 Na4 16. Bd2 {0-1 (47) Wei,Y (2739)-Karjakin,S (2760) Medias 2017}) 9. Bg5 h6 10. Bxf6 Qxf6 11. Nbd2 {[%cal Bb1d2,Bd2e4,Be4c5][%mdl 32]} Qe7 12. a3 a5 {LiveBook: 17 Partien} 13. Ne4 Bc7 14. b4 axb4 15. axb4 Rxa1 16. Qxa1 {[#] Droht b5.} f5 $146 17. Nc5 O-O 18. Nxd4 Nxd4 ({Viel schlechter ist} 18... Nxb4 $6 {[#]} 19. Ncxe6 $1 {[%mdl 512]} Bxe6 20. Re1 $16) 19. Qxd4 b6 20. Nb3 Qxb4 21. Qb2 Rd8 $36 {[%mdl 2048] Schwarz hat gut koordiniertes Spiel.} 22. Qb1 Be5 23. Rc1 Bd7 {[#] zielt auf ...La4 ab.} 24. Qc2 Bf6 25. Rb1 Qa3 26. Bf1 Kh8 27. Qc1 Qxc1 28. Nxc1 e5 ({Lieber} 28... Rb8 $11) 29. Ne2 {Precision: Weiß = 36%, Schwarz = 65%.} (29. Rxb6 $14 Be7 30. Bg2) *

[Event "11th KIIT Festival 2018"]
[Site "Bhubaneswar"]
[Date "2018.05.29"]
[Round "7"]
[White "Visakh N R"]
[Black "Amonatov, Farrukh"]
[Result "1/2-1/2"]
[WhiteElo "2467"]
[BlackElo "2608"]
[Annotator "TA"]
[PlyCount "86"]
[EventDate "2018.??.??"]
[EventType "swiss"]
[EventCountry "IND"]
[SourceTitle "playchess.com"]
[Source "ChessBase"]
[SourceQuality "1"]

{[%evp 24,86,4,10,26,0,0,0,6,-25,-22,-58,-7,-32,0,0,0,0,60,39,81,100,114,110,115,103,124,116,128,127,131,114,116,19,14,27,43,31,35,33,36,40,93,80,93,23,18,0,2,0,0,0,17,8,14,0,0,0,0,0,0,0,0,0,0]} 1. d4 d5 2. c4 c6 3. Nf3 Nf6 4. e3 a6 5. Bd3 Bg4 6. Nbd2 e6 7. b3 Nbd7 8. Bb2 Be7 9. O-O Bf5 10. Qc2 Bxd3 11. Qxd3 O-O 12. e4 dxe4 13. Nxe4 {LiveBook: 11 Games} Qa5 {[#] D12: Slav Defence: 3 Nf3 Nf6 4 e3 Bf5} 14. Ng3 $146 ({Predecessor:} 14. a3 Rad8 15. Nxf6+ Nxf6 16. Rfd1 c5 17. Qc2 cxd4 18. Bxd4 h6 19. h3 Qc7 20. Qe2 Rd7 21. b4 {½-½ (40) Bareev,E (2634)-Gelfand,B (2758) Moscow 2009}) 14... Rfd8 15. a3 b5 16. b4 Qc7 17. Rac1 Qb7 (17... Nb6 $15 18. Nd2 Qb8) 18. Qe2 (18. d5 $5) 18... a5 19. d5 cxd5 20. c5 $36 {[%cal Bc4c5,Bc5c6][%mdl 2080] Black is under pressure.} axb4 ({Black should try} 20... Rac8 $11) 21. c6 $14 Qa6 22. axb4 ({Worse is} 22. cxd7 bxa3 23. Bxf6 Bxf6 $17) 22... Nf8 23. Nf5 $1 {[%cal Rf5e7]} exf5 24. Qxe7 {And now Ne5 would win.} Re8 25. Qd6 Ne4 26. Qxd5 Qa2 27. Qxa2 ({Don't play} 27. Qd4 $6 Ne6 $11) 27... Rxa2 28. Ba1 (28. Be5 $16) 28... Ne6 $11 29. Be5 {Strongly threatening c7.} f6 30. c7 Rc8 31. Nd4 Nxd4 32. Bxd4 {Black must now prevent Rfd1.} Nd2 {[#]} ({Better is} 32... Rd2 $14 33. Be3 Rd3) 33. Rfd1 $1 $16 {Be3 is the strong threat.} Nc4 {[#]} 34. Bxf6 (34. Be5 $1 $16 Raa8 35. Bg3) 34... Rxc7 $11 35. Bd4 {The position is equal.} (35. Ba1 {is more complex.} Ra4 36. Bc3 Nb6 37. g3 Kf7 38. Rd6) 35... Kf7 36. Bc5 Rd2 37. h4 h6 38. Kh2 g5 39. hxg5 hxg5 40. Ra1 Rxd1 41. Rxd1 Ke6 42. Rd8 Rh7+ 43. Kg1 Rd7 {Precision: White = 48%, Black = 57%.} 1/2-1/2

[Event "11th KIIT Festival 2018"]
[Site "Bhubaneswar"]
[Date "2018.05.29"]
[Round "7"]
[White "Karthik Venkataraman"]
[Black "Sandipan, Chanda"]
[Result "1-0"]
[WhiteElo "2457"]
[BlackElo "2573"]
[Annotator "TA"]
[PlyCount "35"]
[EventDate "2018.??.??"]
[EventType "swiss"]
[EventCountry "IND"]
[SourceTitle "playchess.com"]
[Source "ChessBase"]
[SourceQuality "1"]

{[%evp 15,35,15,17,20,18,6,14,0,27,0,0,0,161,152,356,345,763,761,1050,884,1918,1894]} 1. e4 d5 2. exd5 Qxd5 3. Nc3 Qd6 4. d4 c6 5. Nf3 Bg4 6. h3 {B01: Scandinavian Defence} (6. Be3 Nf6 7. h3 Bh5 8. g4 Bg6 9. Bg2 Nbd7 10. Nh4 e6 11. Qe2 Be7 12. O-O O-O 13. Nxg6 hxg6 {½-½ (45) Jones,G (2646)-Tiviakov,S (2569) Bunratty 2018}) 6... Bxf3 7. Qxf3 Qxd4 8. Be3 Qd8 $1 {LiveBook: 11 Games} 9. Bc4 e6 10. Rd1 Nd7 11. O-O Ngf6 12. Qg3 $40 {[%mdl 128] Black needs to defend precisely.} Qa5 $146 ({Predecessor:} 12... Nh5 13. Rxd7 Qxd7 {1-0 (41) Van den Heever,D (2280)-Elarbi,A (2272) Tunis 2013}) 13. a3 Bxa3 $2 {[#]} (13... Nh5 $11 14. Qh2 Be7) 14. Ra1 $1 $18 {[%cal Ra1a3]} ({Inferior is} 14. Qxg7 Rg8 $17) 14... Qb4 $2 (14... Qe5 $16 {was worth a try.} 15. Rxa3 Qxg3 16. fxg3 b5) 15. Rxa3 Qxb2 $2 (15... b5 16. Bb3 (16. Qxg7 Rg8 $15) 16... a5) 16. Qd6 {White is clearly winning.} O-O-O 17. Rb1 Ne5 {[#]} 18. Bxe6+ $1 {[%mdl 512]} 1-0

[Event "11th KIIT Festival 2018"]
[Site "Bhubaneswar"]
[Date "2018.05.29"]
[Round "7"]
[White "Khusenkhojaev, Muhammad"]
[Black "Aradhya, Garg"]
[Result "1-0"]
[WhiteElo "2456"]
[BlackElo "2230"]
[Annotator "TA"]
[PlyCount "137"]
[EventDate "2018.??.??"]
[EventType "swiss"]
[EventCountry "IND"]
[SourceTitle "playchess.com"]
[Source "ChessBase"]
[SourceQuality "1"]

{[%evp 19,137,3,-7,-22,-22,-21,-21,-4,-2,-18,23,19,0,0,51,32,47,36,50,43,144,139,144,146,130,127,150,143,157,134,193,167,170,157,251,225,283,290,276,260,264,280,254,284,266,262,375,365,398,400,400,401,389,362,420,410,516,516,516,516,514,514,514,514,516,516,516,502,591,499,543,527,691,684,639,607,681,585,607,522,623,558,1889,1828,4762,4186,3105,3089,2339,1787,2060,1955,2028,1804,5958,5631,5082,5082,29975,29976,29976,29977,29974,29977,29983,29984,29984,29985,29985,29985,29986,29986,29986,29987,29987,29988,29988,29989,29990,29990]} 1. Nf3 d5 2. d4 Nf6 3. c4 c6 4. Qc2 dxc4 5. Qxc4 Bg4 6. Nbd2 Nbd7 {D23: Queen's Gambit Accepted: 3 Nf3 Nf6 sidelines} 7. g3 e6 8. Bg2 Be7 9. O-O O-O 10. h3 Bh5 {LiveBook: 6 Games} 11. g4 Bg6 12. Ne5 Nb6 $146 ({Predecessor:} 12... Nxe5 13. dxe5 Nd7 14. f4 {1-0 (42) Istratescu,A (2654)-Tschann,S (2224) Basel 2013}) 13. Qc3 Nfd5 14. Qg3 Bd6 {And now ...f6 would win.} 15. e4 Nb4 {Strongly threatening ...f6.} 16. Qc3 Bxe5 (16... Na4 $11 17. Qb3 Bxe5) 17. dxe5 $14 Nd3 18. Nb3 Na4 19. Qc2 Nxe5 {[#]} ({Black should play} 19... c5 $14) 20. f4 $1 $16 {[%cal Rf4e5,Bf2f4,Bf4f5][%mdl 32]} Nd3 {[#]} 21. f5 $1 Qb6+ 22. Kh1 Rad8 23. fxg6 hxg6 24. Rb1 Qb5 (24... Rd7 $16 {was worth a try.} 25. Bd2 Qb5) 25. Be3 $18 c5 26. Nc1 Ndxb2 (26... Nb4 $16 {might work better.} 27. Qe2 c4) 27. Rf2 c4 28. Rxb2 Nxb2 29. Qxb2 Rd1+ 30. Kh2 Qxb2 31. Rxb2 Re1 32. Ne2 ({Worse is} 32. Bxa7 Rxc1 33. Be3 Re1 $17) 32... b6 (32... c3 {keeps fighting.} 33. Rc2 Rd8) 33. Kg3 Rd8 34. Kf2 Ra1 35. Bd4 Rd1 36. Bc3 Rb8 37. e5 b5 {[#]} 38. a4 $1 a6 (38... bxa4 39. Rxb8+) 39. axb5 axb5 40. Bc6 Rd3 41. Rxb5 Rxb5 42. Bxb5 Rxh3 43. Bxc4 Kf8 44. Bd4 Ke7 45. Ng3 Rh8 46. Bc5+ Kd7 47. Bb5+ Kc8 48. Bb4 Kc7 49. Ba3 Kc8 50. Bc5 f5 51. g5 Kd8 52. Kf3 Rh3 53. Bf8 Rh7 54. Bc6 Kc7 55. Be8 Rh8 56. Bd6+ Kb6 57. Bf7 Rh4 58. Bxe6 Rg4 59. Bd7 {White mates.} Rd4 60. Ne2 Rd3+ 61. Kf2 Rxd6 62. exd6 Kc5 63. Be8 Kxd6 64. Bxg6 Ke6 65. Nf4+ Ke5 66. Kf3 Kd6 67. Nh5 Ke5 68. Nxg7 f4 69. Nf5 {Precision: White = 72%, Black = 32%.} 1-0

[Event "11th KIIT Festival 2018"]
[Site "Bhubaneswar"]
[Date "2018.05.29"]
[Round "7"]
[White "Neelotpal, Das"]
[Black "Sai Vishwesh C"]
[Result "1-0"]
[WhiteElo "2452"]
[BlackElo "2288"]
[Annotator "TA"]
[PlyCount "55"]
[EventDate "2018.??.??"]
[EventType "swiss"]
[EventCountry "IND"]
[SourceTitle "playchess.com"]
[Source "ChessBase"]
[SourceQuality "1"]

{[%evp 16,55,24,20,30,18,40,48,45,41,56,59,139,105,135,60,60,58,136,142,337,345,502,502,502,502,502,501,501,501,512,408,733,707,716,683,781,764,720,741,717,702]} 1. Nf3 Nf6 2. c4 c5 3. Nc3 Nc6 4. g3 b6 5. Bg2 Bb7 6. O-O g6 7. e3 Bg7 8. d4 cxd4 9. Nxd4 {LiveBook: 3 Games} Qc8 {A30: Symmetrical English: Double Fianchetto and Hedgehog} 10. Nxc6 $146 ({Predecessor:} 10. b3 Nxd4 11. exd4 Bxg2 12. Kxg2 d5 13. Nxd5 Nxd5 14. cxd5 Qf5 15. Qf3 Qxf3+ 16. Kxf3 Rd8 17. Be3 Rxd5 {½-½ (95) Konopka,M (2436)-Blatny,P (2396) Czechia 2011}) 10... Bxc6 11. e4 d6 {White is slightly better.} 12. Bg5 Nd7 13. Rc1 Qa6 (13... Bxc3 $14 14. Rxc3 f6) 14. b4 {Strongly threatening b5.} Qa3 15. Nd5 (15. Nb5 $16 Bxb5 16. cxb5) 15... Bxd5 $1 $14 16. cxd5 {Rc7 is the strong threat.} Qxb4 (16... h6 $14 17. Bd2 Qxa2) 17. Rc7 $40 {[%mdl 128] aiming for Qc2. White wants a kill.} h6 $2 (17... f6 $16 {was called for.} 18. Bd2 Qb5) 18. Qc2 $18 {White wants to mate with Rc8+.} Rd8 (18... Nc5 {might work better.}) 19. Rb1 Qxb1+ 20. Qxb1 hxg5 21. Qb5 a6 {[#]} 22. Qc6 $1 Be5 23. a4 e6 (23... b5 $142 24. Bf1 b4 25. Bxa6 b3) 24. Bf1 {White is clearly winning.} exd5 25. Bxa6 dxe4 {[#]} 26. Rxd7 $1 {[%mdl 512]} Rxd7 27. Bb5 O-O 28. Qxd7 {Precision: White = 79%, Black = 35%.} 1-0

[Event "11th KIIT Festival 2018"]
[Site "Bhubaneswar"]
[Date "2018.05.29"]
[Round "7"]
[White "Das, Sayantan"]
[Black "Aaryan Varshney"]
[Result "1-0"]
[WhiteElo "2437"]
[BlackElo "2108"]
[Annotator "TA"]
[PlyCount "139"]
[EventDate "2018.??.??"]
[EventType "swiss"]
[EventCountry "IND"]
[SourceTitle "playchess.com"]
[Source "ChessBase"]
[SourceQuality "1"]

{[%evp 24,139,0,0,23,17,26,32,31,33,31,32,25,34,33,33,27,14,25,0,2,0,12,0,14,0,21,20,15,0,31,25,13,-35,0,0,34,27,111,104,122,106,285,277,275,254,234,208,214,215,224,215,291,288,465,451,833,593,591,624,474,261,264,230,356,339,618,624,748,727,698,664,1395,755,1833,1758,1108,361,1420,971,850,938,845,839,1850,665,2435,2433,2241,2185,2028,2310,29971,29972,29974,0,12718,1851,29984,29985,29985,29986,29988,29989,29989,29990,29990,29991,29993,29994,29994,29995,29995,29996,29996,29997,29997,29998]} 1. e4 c5 2. Nf3 d6 3. d4 cxd4 4. Nxd4 Nf6 5. Nc3 a6 6. Be2 e5 7. Nf3 Be7 8. Bg5 Be6 9. Bxf6 Bxf6 10. O-O O-O 11. Nd5 {B92: Sicilian Najdorf: 6 Be2} (11. Qd2 Nc6 12. Nd5 Nd4 13. Nxf6+ Qxf6 14. Nxd4 exd4 15. Bd3 d5 16. Qe2 dxe4 17. Qxe4 g6 18. Qxb7 Rfb8 {½-½ (40) Grandelius,N (2647)-Kotronias,V (2524) Stockholm 2017}) 11... Nd7 12. Bc4 Rc8 13. Qe2 {LiveBook: 3 Games. The position is equal.} g6 $146 ({Predecessor:} 13... Nb6 14. Nxb6 Qxb6 15. Bb3 Qc6 16. c3 Rfd8 17. Rfd1 Bxb3 18. axb3 d5 19. exd5 Rxd5 20. Rxd5 Qxd5 {½-½ (28) Kurmann,O (2459)-Georgiadis,N (2478) Switzerland 2017}) 14. Rfd1 Bg7 15. a4 Nb6 16. Bb3 Nxd5 17. Bxd5 Qc7 18. c3 Bg4 19. Ra3 a5 20. Rb3 b6 21. h3 Bd7 22. Ra1 Kh8 23. Ng5 Be8 24. Nf3 Bd7 25. Qe3 Rb8 26. h4 f5 27. exf5 $1 gxf5 28. c4 h6 29. Ng5 $36 {[%mdl 2048] aiming for Nf7+. White is more active.} e4 (29... hxg5 $2 30. hxg5 f4 31. Qf3 $18) 30. Qe2 {Black should prevent Nf7+.} Qc8 (30... Rf6 $11) 31. Nf7+ $16 Rxf7 32. Bxf7 Be6 $2 {[#]} (32... Qf8 $16 {keeps fighting.}) 33. Bxe6 $18 Qxe6 34. Rd1 Be5 35. Rd5 Qg6 {and the idea ...Rg8 leaves Black hopeful.} 36. h5 Qg5 37. Qe3 {[#] Black must now prevent Qxg5.} Qxh5 38. g3 Rg8 $2 (38... Rf8 {was called for.} 39. Qxb6 Qg5 40. Rxd6 (40. Rxa5 f4 $16) 40... Bxd6) 39. Rxb6 Rg6 (39... Rf8 $142 40. Qd2 (40. Rxa5 $2 f4 $19) 40... e3 41. Qxe3 f4 42. gxf4 Rxf4) 40. Kg2 Qg4 41. Rxe5 dxe5 42. Rxg6 (42. c5 $142) 42... Qxg6 {[%mdl 4096] Endgame KQ-KQ} 43. Qc5 Qe6 (43... Qg4 $142 44. Qxe5+ (44. Qxa5 Qf3+ 45. Kf1 Qd3+ 46. Kg2 Qf3+ 47. Kf1 Qd3+ 48. Kg2 Qf3+ $11) 44... Kh7) 44. Qxa5 Kh7 $2 (44... e3 45. fxe3 Qxc4 46. Qxe5+ Kg8 47. Qxf5 Qxa4 48. Qg6+ Kf8 49. Qxh6+ Ke8 50. Qh5+ Kd7 51. Qf5+ Kd8) 45. Qd5 Qf6 46. c5 e3 47. fxe3 f4 48. Qe4+ Kg8 49. exf4 exf4 50. Qxf4 $2 (50. Qc4+ Kh7 51. Qc2+ Kg8 52. c6 f3+ 53. Kf1) 50... Qxb2+ $2 (50... Qc6+ 51. Kf1 Qxc5) 51. Kh3 Qc2 52. Qg4+ Kh7 53. Qd7+ Kg6 54. Qd4 (54. Qe6+ $142 Kg7 55. Qe5+ Kf7 56. Qd5+ Kg6 57. c6) 54... Qc1 55. Qe4+ Kg7 56. c6 Qf1+ 57. Kg4 Qc1 58. Qd4+ Kg6 59. Qe4+ (59. Qd6+ $142 Kh7 60. c7 Qc4+ 61. Kf5 Qf7+ 62. Ke5 Qg7+ 63. Kd5 Qg8+ 64. Qe6 Qg5+ 65. Ke4) 59... Kg7 60. Kf5 (60. Qe5+ $142 Kg6 61. Qd6+ Kh7 62. c7 Qc4+ 63. Kf5 Qf7+ 64. Ke4 Qc4+ 65. Kf5 Qf7+ 66. Ke4 Qc4+ 67. Ke5 Qe2+ 68. Kf6 Qf2+ 69. Ke7 Qe3+ 70. Kd8) 60... Qg5+ 61. Ke6 {White mates.} Qf6+ 62. Kd7 Qc3 63. c7 Qd2+ 64. Ke8 Qc3 65. Qg4+ Kh7 66. c8=Q Qe5+ 67. Qge6 Qh8+ 68. Ke7 Qg7+ 69. Qf7 Qxf7+ 70. Kxf7 {Precision: White = 45%, Black = 25%.} 1-0

[Event "11th KIIT Festival 2018"]
[Site "Bhubaneswar"]
[Date "2018.05.29"]
[Round "7"]
[White "Viani Antonio Dcunha"]
[Black "Tukhaev, Adam"]
[Result "1/2-1/2"]
[WhiteElo "2424"]
[BlackElo "2551"]
[Annotator "TA"]
[PlyCount "143"]
[EventDate "2018.??.??"]
[EventType "swiss"]
[EventCountry "IND"]
[SourceTitle "playchess.com"]
[Source "ChessBase"]
[SourceQuality "1"]

{[%evp 21,143,0,20,0,0,-27,0,0,0,0,15,2,4,3,8,6,12,0,0,0,0,0,21,10,23,21,47,47,62,-9,0,-13,14,-8,-14,-12,-12,-15,-11,-24,-24,-12,-7,-85,0,0,0,-20,-21,-21,-26,-47,0,0,-10,-4,-4,-7,0,-96,-96,-96,-96,-96,-96,-103,-95,-95,-95,-95,-95,-95,-95,-95,-8,-21,-21,-21,-21,-21,-21,-77,-77,-1261,-77,-77,-77,-77,-77,-77,0,0,0,0,0,0,0,0,0,0,0,0,0,0,0,0,0,0,0,0,0,0,0,0,0,0,0,0,0,0,0,0,0,0]} 1. e4 c5 2. Nf3 e6 3. d4 cxd4 4. Nxd4 Nc6 5. Nc3 Qc7 6. Be3 a6 7. Bd3 b5 8. Nxc6 Qxc6 9. O-O Bb7 10. Re1 Nf6 {B48: Sizilianisch (Paulsen-Variante)} 11. Bd4 Be7 {LiveBook: 15 Partien} 12. Qe2 O-O 13. f3 $146 ({Vorgänger:} 13. Rad1 d6 14. f4 b4 15. Nb1 e5 16. fxe5 dxe5 17. Bf2 Bc5 {0-1 (73) Polgar,J (2735)-Tregubov,P (2583) Bastia 2005}) 13... d6 14. a3 Rfe8 15. Rad1 e5 16. Be3 Bc8 17. Nd5 Nxd5 18. exd5 Qc7 19. c4 bxc4 20. Bxc4 Qb7 21. Rd3 Bh4 22. Rc1 e4 23. Rb3 exf3 24. Qxf3 Qe7 25. Rf1 (25. Bd4 $1 $14) 25... Bf6 $11 26. Kh1 Bd7 (26... Qe4 {feels hotter.} 27. Qf4 Bf5 28. Bd3 Qxf4 29. Bxf4 Bxd3 30. Rxd3 Rad8) 27. Rb7 (27. Bf4 {keeps more tension.} Ba4 28. Rb4 Qd7 29. b3 Bb5 30. Qd3) 27... Rab8 28. Rxb8 Rxb8 29. b3 Bb5 30. Bf4 Bxc4 31. bxc4 {Droht c5! und aus.} Bd4 32. Qg3 {[#]} (32. Bg3 $11) 32... Bc5 (32... Qe2 $1 $17 {[%cal Re2f1]} 33. Rc1 Bf2) 33. Re1 Qd7 34. Bd2 h5 35. h3 Qf5 {Und ...Lf2 würde nun gewinnen.} 36. Bc3 {[%csl Gc3][%cal Rg3g7]} f6 (36... g6 {feels hotter.} 37. Bb4 Bxb4 38. axb4 Rxb4 39. Qxd6 Rxc4 40. Rd1 Rc2) 37. Bb4 $1 {[%cal Rb4c5]} Bxb4 38. axb4 Rxb4 39. Qxd6 Rxc4 40. Qxa6 (40. Rd1 $1 $11 {bleibt in der Remisbreite.}) 40... Qxd5 $17 41. Qe6+ Qxe6 42. Rxe6 {[%mdl 4096] Endspiel KT-KT} Kf7 43. Re1 g5 44. Kg1 f5 45. Kf2 Rc2+ 46. Kf3 Kf6 47. Ra1 g4+ (47... Rc6 $17 48. Ke3 h4) 48. hxg4 hxg4+ 49. Kf4 Rc4+ 50. Kg3 Kg5 51. Ra8 (51. Ra5 $11) 51... f4+ 52. Kf2 $2 {[%mdl 8192] [#]} (52. Kh2 $17) 52... g3+ $2 (52... Rc2+ $1 $19 53. Kf1 Kh4) 53. Kf3 Rc3+ 54. Ke2 Rc2+ 55. Kf1 Rc1+ ({Besser ist} 55... Rb2 $17) 56. Ke2 $11 {Die Stellung ist ausgeglichen.} Rg1 57. Rg8+ $1 Kf5 58. Rf8+ Ke4 59. Re8+ Kd4 (59... Kf5 $5 60. Rf8+ $8 Kg6 61. Rxf4 Rxg2+ 62. Kf3 Ra2 $11) 60. Rd8+ $1 Ke5 61. Re8+ Kd5 (61... Kd6 $5 62. Kf3 $8 Kd7 $11) 62. Kf3 Rf1+ 63. Kg4 Rf2 64. Re7 Kd4 65. Re8 Kd3 66. Re7 Kd2 67. Re4 Kd3 68. Rxf4 Ke3 69. Ra4 Rxg2 70. Ra3+ Ke4 71. Rxg3 Rxg3+ 72. Kxg3 {Precision: Weiß = 54%, Schwarz = 53%.} 1/2-1/2

[Event "11th KIIT Festival 2018"]
[Site "Bhubaneswar"]
[Date "2018.05.29"]
[Round "7"]
[White "Mitrabha, Guha"]
[Black "Srihari L R"]
[Result "1/2-1/2"]
[WhiteElo "2375"]
[BlackElo "2015"]
[Annotator "NA"]
[PlyCount "24"]
[EventDate "2018.??.??"]
[EventType "swiss"]
[EventCountry "IND"]
[SourceTitle "playchess.com"]
[Source "ChessBase"]
[SourceQuality "1"]
[TimeControl "5400+30"]

{[%evp 9,24,-4,-3,-21,-24,-52,10,12,14,-20,-12,-18,-8,-79,-21,-61,-10]} 1. d3 {[%emt 0:00:00]} g6 {[%emt 0:00:31]} 2. c4 {[%emt 0:00:01]} Bg7 {[%emt 0:00:00]} 3. Nf3 {[%emt 0:00:00]} f5 {[%emt 0:00:00]} 4. Nc3 {[%emt 0:00:00]} Nf6 {[%emt 0:00:02]} 5. Bg5 {[%emt 0:00:00]} (5. e4 d6 6. exf5 Bxf5 7. d4 O-O 8. Bd3 Bg4 9. Be2 Nc6 10. d5 Bxf3 11. Bxf3 Ne5 12. Be2 Qd7 {½-½ (36) Matlakov,M (2701)-Cheparinov,I (2689) Caleta 2017}) 5... d6 {[%emt 0:01:58]} 6. h4 $146 {[%emt 0:00:16] A10: English Opening: Unusual Replies for Black} ({Predecessor:} 6. g3 c5 7. Bg2 Nc6 8. O-O e5 9. Nd5 h6 10. Bxf6 Bxf6 11. a3 Be6 12. Ne1 O-O {1-0 (36) Lajthajm,B (2434)-Skoko,M (2161) Stari Banovci 2017}) 6... Nc6 {[%emt 0:05:16]} 7. e3 {[%emt 0:00:12]} h6 {[%emt 0:00:19]} ({Black should play} 7... Ng4 $15) 8. Bxf6 $1 $11 {[%emt 0:00:46] The position is equal.} Bxf6 {[%emt 0:00:00]} 9. Nd5 {[%emt 0:00:11]} e6 {[%emt 0:00:29]} 10. Nxf6+ {[%emt 0:11:29]} Qxf6 {[%emt 0:00:01]} 11. Rc1 {[%emt 0:01:13]} (11. Qb3 $11) 11... O-O {[%emt 0:02:51]} (11... Qxb2 $17 12. a4 b6) 12. c5 {[%emt 0:03:19]} Bd7 {[%emt 0:00:00]} (12... Qxb2 $15 13. d4 a6) 1/2-1/2